Basic concepts in molecular biology / (Record no. 39868)

MARC details
000 -LEADER
fixed length control field 00694nam a22002057a 4500
005 - DATE AND TIME OF LATEST TRANSACTION
control field 20100806153234.0
010 ## - LCCN (DPL NO)
LC control number ENG-98537
020 ## - INTERNATIONAL STANDARD BOOK NUMBER
Terms of availability 150.00
035 ## - SYSTEM CONTROL NUMBER
System control number EN-82070
037 ## - SOURCE OF ACQUISITION
Source of stock number/acquisition DBAD/PUB
082 ## - DEWEY DECIMAL CLASSIFICATION NUMBER
Classification number 572.8
100 ## - MAIN ENTRY--PERSONAL NAME
Personal name Ramesh, R
245 ## - TITLE STATEMENT
Title Basic concepts in molecular biology /
Statement of responsibility, etc by R Ramesh
260 ## - PUBLICATION, DISTRIBUTION, ETC. (IMPRINT)
Place of publication, distribution, etc Chennai
Name of publisher, distributor, etc Sitech
Date of publication, distribution, etc (200?)
270 ## - ADDRESS
Address H.O. 144/1, Nungambakkam High Road
City Chennai
Postal code 600034
300 ## - PHYSICAL DESCRIPTION
Extent 299p.:
Other physical details ill.
Dimensions 21cm (pbk)
650 ## - SUBJECT ADDED ENTRY--TOPICAL TERM
Topical term or geographic name as entry element Molecular Biology
942 ## - ADDED ENTRY ELEMENTS (KOHA)
Source of classification or shelving scheme Dewey Decimal Classification
Item type English Books
Classification part 572.8
Call number suffix RAM
Holdings
Withdrawn status Lost status Not for loan Collection code Home library Current library Date acquired Source of acquisition Cost, normal purchase price Full call number Barcode Copy number Cost, replacement price Koha item type
    Not For Loan Non-fiction D.B.Act.Division D.B.Act.Division 06/08/2010 DBAD/PUB 150.00 572.8 RAM EN-82070 1 150.00 English Books

© Delhi Public Library
Hit Counter
free hit counter